[Event "EU-chT (Men) 15th"]
[Site "Gothenburg"]
[Date "2005.08.06"]
[Round "8.2"]
[White "Dreev, Alexey"]
[Black "Sulskis, Sarunas"]
[Result "1-0"]
[WhiteElo "2698"]
[BlackElo "2535"]
[Annotator "Golod,V"]
[PlyCount "97"]
[EventDate "2005.07.30"]
[EventType "team-swiss"]
[EventRounds "9"]
[EventCountry "SWE"]
[SourceTitle "CBM 109"]
[Source "ChessBase"]
[SourceDate "2005.11.14"]
[SourceVersion "1"]
[SourceVersionDate "2005.11.14"]
[SourceQuality "1"]
[WhiteTeam "Russia"]
[BlackTeam "Lithuania"]
[WhiteTeamCountry "RUS"]
[BlackTeamCountry "LTU"]

1. d4 Nf6 2. c4 e6 3. Nc3 Bb4 4. Qc2 c5 5. dxc5 O-O 6. a3 Bxc5 7. Nf3 b6 8. Bg5
Bb7 9. e4 Be7 10. Be2 d6 11. O-O Nbd7 12. Rfd1 ({Another option is:} 12. Rad1
$5 {See the comments to Ivanov,S-Taimanov,M/St.Petersburg,1996/CBM 56(1-0)
(Kantsler,B)(35)}) 12... Qc7 13. b4 {Theoretically a new move.} ({Previously:} 
13. Rac1 $5 Rac8 {was played and now:} 14. b4 Qb8 {For further information you
can see my annotations to Sokolov,I-Sulskis,S/Mallorca,2004/CBM 104(1-0)(51)})
13... Rac8 14. Rac1 Rfe8 $5 $146 {But in practice only this move is really a
novelty.} ({In his previous game Sarunas Sulskis played:} 14... Qb8) ({In
addition to 14...Qb8 Black has good alternatives like:} 14... a6 $5) ({and} 
14... Rfd8 $5) 15. Qd3 $5 {[%csl Rd6][%cal Gd3g3,Gg5f4,Gg3d6,Yf3d2] The
beginning of an interesting plan. White's idea is to play 16.Nd2 and
transfering his Q to g3 and to play Bf4 in order to put pressure on the Pd6.} (
{Senseless is:} 15. Nb5 $6 Qb8 {[%cal Ga7a6]}) 15... Red8 16. Nd2 h6 17. Bf4
Ne5 18. Qg3 Ng6 19. Be3 {+/=/= White has executed his plan and has a little
advantage thanks to the weakness on d6.} Qb8 20. f3 d5 {A typical move for
such structures. Black tries to ged rid of the weak pawn on d6.} (20... Nh5
$143 21. Qf2 Nhf4 22. Bf1 $14) 21. Qxb8 Rxb8 22. exd5 exd5 23. Nb5 dxc4 $6 {
Sarunas Sulskis missed a good chance to equalize fully:} (23... a6 $1 24. Nd4 (
24. Bxb6 $143 axb5 25. Bxd8 Bxd8 (25... Rxd8 $2 26. cxb5 $16 {[%csl Ga3,Gb4,
Gb5]}) 26. cxd5 Nxd5 27. Bxb5 Bb6+ 28. Kh1 Ne3 29. Re1 Nf4 $36) 24... dxc4 25.
Bxc4 (25. Nxc4 $2 Nd5 26. Bf2 Bg5 27. Rc2 b5 28. Na5 Ne3 $17 {[%csl Rc2,Rd1,
Rd4,Gd8,Ge3,Rg1,Gg5]}) 25... b5 $11) 24. Nxc4 Nd5 (24... a6 $2 {is not good
here because of:} 25. Nc7 Rxd1+ (25... b5 $144 26. Na5 Rxd1+ 27. Rxd1 {+/-/+-})
26. Rxd1 b5 27. Na5 {+/-/+-}) (24... Rxd1+ $5 {deserves attention - an attempt
to protect the Pa7:} 25. Rxd1 Ra8 {White's position is clearly better, but
Black continues to play with equal material.}) 25. Nxa7 $14 Nxe3 (25... Ngf4
$143 26. Bxf4 (26. Bf1 $6 Nxe3 27. Nxe3 Bg5 $44) 26... Nxf4 27. Bf1 {+/=/+/-})
26. Nxe3 Bg5 27. Kf2 Rxd1 (27... Re8 $143 28. Rc3 $16) (27... Nf4 $5) 28. Rxd1
Ra8 29. Nb5 Bc6 30. Nc2 $16 Bxb5 $2 {A doubtful decision. It's clear that GM
Sulskis wanted to go to the endgame with bishops of opposite colors. But I
think, that for Black was better to refrain from this exchange right now and
to try to enter his knight in the game. After the last move, the coordination
of Black's pieces is very bad, and he failed to organize counterplay.} (30...
Ne7 $142) 31. Bxb5 Rc8 32. Ne3 Rc3 33. Rd3 Rc1 34. g3 Ra1 ({Hopeless:} 34...
Bxe3+ 35. Kxe3 Re1+ 36. Kf2 Rh1 37. h4 Ra1 38. a4 $18) 35. f4 Bf6 36. Kf3 Nf8
37. Nd5 {White's position is winning. Due to the extra pawn and the weakness
on b6 the rest of the game is a matter of technique.} Bd8 38. Bc4 Ne6 39. Ne3 {
[%csl Gd3,Rd8,Ye6][%cal Gc4e6,Ye6d8]} Be7 40. h4 $1 {[%csl Yh4][%cal Gf4f5,
Yh4g5]} g6 41. Bxe6 fxe6 42. Nc4 b5 43. Ne5 g5 44. Nc6 Bf6 45. hxg5 hxg5 46.
Na7 {This endgame is a good example for the superiority of the knight over the
bishop.} gxf4 47. gxf4 e5 48. fxe5 Bxe5 49. Ke4 {Further resistence is
senseless.} 1-0

[Event "Corus-B"]
[Site "Wijk aan Zee"]
[Date "2004.01.19"]
[Round "8"]
[White "Zhu, Chen"]
[Black "Lobron, Eric"]
[Result "1-0"]
[WhiteElo "2495"]
[BlackElo "2497"]
[Annotator "Golod,V"]
[PlyCount "131"]
[EventDate "2004.01.10"]
[EventType "tourn"]
[EventRounds "13"]
[EventCountry "NED"]
[EventCategory "13"]
[SourceTitle "CBM 099"]
[Source "ChessBase"]
[SourceDate "2004.03.30"]
[SourceVersion "1"]
[SourceVersionDate "2004.03.30"]
[SourceQuality "1"]

1. d4 Nf6 2. c4 e6 3. Nc3 Bb4 4. Qc2 c5 5. dxc5 O-O 6. a3 Bxc5 7. Nf3 b6 8. Bf4
Bb7 9. e3 Nh5 10. Bg3 Bxf3 $5 {From my point of view, it's a correct
positional step, can be a next games in this variation will change my opinion!
Besides Black has two main alternatives:} (10... Be7 $5 {You can see my
annotations to game: Sasikiran,K-Barsov,A/Hastings,2003/CBM 93(1/2-1/2)(27)
and Gershon,A-Macieja,B/Bermuda,2003/CBM 94(1-0)(62)}) ({On:} 10... h6 $5 {
you can find six games in Mega DataBase 2004.}) 11. gxf3 $140 f5 {[%csl Yd7,
Ye6,Yf5,Rg3]} 12. f4 {I am sure in correctness of a choice. Also there were
three alternatives:} (12. Bd3 {[%csl Gc2,Gd3,Rh7]}) (12. O-O-O) ({and} 12. Rd1)
12... Nc6 13. Be2 Nf6 ({Certainly, illogically:} 13... Nxg3 14. hxg3 $14 {
[%csl Ye3,Yf2,Yf4,Yg3]}) 14. Rd1 $146 ({In this position also once were
checked the following moves:} 14. O-O $142 {[%csl Yg1]} Rc8 $140 15. Rfd1 {
You can see annotations to Gurevich,M-Rogozenko,D/Moscow,2001/CBM 86(1-0)
(Rogozenko,D)(44)}) (14. Bh4 $143 Be7 15. O-O-O Rc8 {[%csl Rc1,Gc8]} 16. Kb1
Ne8 17. Bxe7 Qxe7 $11 {You can see my comments to Agrest,E-Onischuk,A/New
Delhi,2000/CBM 80(0-1)(38)}) 14... Rc8 15. O-O {White have hidden the king and
now can quietly begin game on centre and queen side.} Be7 {Black's bishop
already has executed the his work on point "c5".} 16. Qa4 Na5 $11 {[%csl Rc4]
This move is directed against progress "b4".} (16... Qe8 $143 17. b4 $140 a5 {
[%csl Ra3,Rb4]} 18. Rb1 {+/=/=}) 17. Bh4 {[%csl Rd7,Yf6][%cal Gh4f6,Yf6d7,
Ga4d7,Gd1d7]} Qe8 {The game of Black corresponds to the requirements of a
position.} 18. Bxf6 Bxf6 ({It was very badly:} 18... Rxf6 $2 {in view of:} 19.
Rxd7 Nxc4 $140 20. Rxe7 Qxe7 21. Bxc4 Rg6+ (21... Rh6 22. Rd1 $16 {[%cal Yg1f1]
}) 22. Kh1 Qh4 23. Qd7 {[%csl Gc4,Yc8,Gd7,Re6,Rg8][%cal Gd7e8,Gd7c8]} Rd8 24.
Qc6 $16 {[%csl Yc6][%cal Yc6g2]}) 19. Qxd7 {This move is much better than:} (
19. Rxd7 $6 Bxc3 20. bxc3 Nb7 $1 {[%csl Ra4,Rd7][%cal Gb7c5]} 21. Qd1 Rf7 22.
Rxf7 Qxf7 {[%cal Yb7c5,Gc8d8] =/=/+}) 19... Bxc3 ({Can be recommended:} 19...
Nxc4 $5 20. Bxc4 Rxc4 21. Qxa7 b5 $1 {[%csl Rc3,Gc4,Gf6][%cal Gb5b4]} (21...
Bxc3 $143 22. bxc3 Rxc3 {[%csl Ra3]} 23. Rd7 Rf7 (23... Qg6+ $6 24. Kh1 $40 {
[%csl Rg7][%cal Gf1g1]} Qg4 $140 $2 25. Qb7 $18 {[%csl Yb7,Rg7][%cal Yb7g2,
Gf1g1]}) 24. Rxf7 Qxf7 25. Qb8+ $1 Qf8 26. Qxb6 $14 {[%csl Re6]} Rxa3 27. Qxe6+
Qf7 $14) 22. Rd3 Qc6 $44) 20. bxc3 Qf7 (20... Nxc4 $143 21. Qxa7 Rf7 22. Qa6 $8
Rfc7 {[%csl Ra6][%cal Gc8a8]} 23. Bxc4 Rxc4 24. Qxb6 Rxc3 25. Rd6 (25. Qb4 $5)
25... Rxa3 26. Rxe6 Qh5 27. Qb7 $14 {[%csl Yb7]}) (20... Rf7 $143 21. Qxe8+
Rxe8 22. c5 $1 bxc5 $140 23. Rd6 $14 {[%csl Ra5][%cal Gd6a6]}) ({Leads to
absolutely equality:} 20... Qxd7 21. Rxd7 Rf7 22. Rfd1 (22. Rd4 Rfc7 {[%csl
Rc4]}) 22... Nxc4 $1 23. Rxf7 $140 Kxf7 24. Rd7+ Kf6 25. Rxa7 Na5 $1 {[%csl
Ra3,Rc3]} 26. Ra6 Rxc3 27. a4 Nc4 $11 {[%csl Ra4][%cal Gc3c2]}) 21. Rd6 Rfe8 {
[%csl Ye8][%cal Ye8e7]} (21... Nxc4 $5 22. Qxf7+ Rxf7 (22... Kxf7 $2 23. Rd7+
Kf6 24. Rxa7 $14) 23. Rxe6 Nxa3 24. Ra1 Nc4 (24... Nc2 $143 25. Ra2 Rxc3 26.
Re8+ Rf8 27. Rxf8+ Kxf8 28. Rxa7 {[%csl Rb6] +/=/=}) 25. Bxc4 Rxc4 26. Re8+ Rf8
27. Rxf8+ Kxf8 28. Rxa7 Rxc3 $11) ({After:} 21... Qxd7 22. Rxd7 Rf7 {we can
receive the same position as in the previous variation: 20...Qxd7}) 22. Qa4 $5
{/\23.Rd7 Re7 24.Rfd1 <->d} Nb7 23. Rd4 (23. Rd7 $2 {is refuted by:} Qg6+ 24.
Kh1 Nc5 $17 {[%csl Ra4,Rd7]}) 23... Nc5 24. Qb5 Kh8 (24... e5 $5 25. fxe5 Rxe5
26. Bf3 Kh8 27. Rfd1 Rce8 28. Rd8 h6 $11) 25. Bf3 $11 {[%csl Yf3][%cal Yf3a8,
Yf3h1]} Rg8 26. Kh1 g5 {The rather interesting plan, but now is weakened K of
Black.} 27. Qb1 g4 (27... gxf4 $5 28. exf4 $11) 28. Bg2 Rg6 29. Qd1 {The
White's queen has finished the travel and has returned on the "d1".} Qe7 {
[%csl Rh2][%cal Gg6h6,Ge7h4]} 30. Rd6 {[%cal Gd1d4]} Rh6 $6 (30... Qh4 $5 31.
Qd4+ Kg8 32. Rd1 Qxf2 ({after:} 32... Rh6 $2 {with rearrangement of moves we
receive a position from a game.}) 33. Rd8+ {[%csl Rg8]} Rxd8 34. Qxd8+ Kg7 35.
Qe7+ Kh6 $13) 31. Qd4+ Kg8 32. Rd1 Qh4 $2 {Still it was possible to change the
previous dubious decision:} (32... Rf8 33. Rd8 {+/=/=}) 33. Rd8+ Kf7 ({It was
necessary:} 33... Rxd8 34. Qxd8+ Kf7 (34... Qxd8 $143 35. Rxd8+ Kg7 36. Ra8 $16
{[%csl Ra7]}) 35. Qxh4 Rxh4 36. Rd8 {[%csl Ra7][%cal Gd8a8]} Ke7 37. Ra8 a6 38.
Rb8 Nd7 39. Rb7 Kd6 40. c5+ $1 bxc5 41. Ra7 {[%csl Ra6][%cal Gg2f1] +/=/+/-}) {
[%tqu "En","Find the killer move!","","","d8d7","",10]} 34. Rd7+ $3 Nxd7 $8 (
34... Ke8 $4 35. Qh8#) (34... Kg8 $4 35. Qg7#) (34... Kg6 $4 35. Rg7+ Kh5 36.
Rg5+ Qxg5 37. fxg5 $18) 35. Qxd7+ {[%csl Rc8,Rf7][%cal Gd7c8]} Kf6 $8 (35...
Kg6 $4 36. Qxe6+ {[%csl Rc8,Rg6][%cal Ge6f5,Ge6c8]} Kg7 37. Qd7+ $1 {[%csl Rc8,
Rg7][%cal Gd1d6]} Kg6 38. Rd6+ {[%csl Rg6][%cal Gd7f5]}) 36. Kg1 Rf8 ({
Unexpectedly at once loses a game:} 36... Qxh2+ $2 37. Kf1 {[%csl Rc8,Re6]
[%cal Gd1d6]} Rf8 $8 38. Rd6 $140 Rf7 39. Rxe6+ Kg7 40. Re7 {[%cal Gg2d5]} Rhf6
(40... Rxe7 $143 41. Qxe7+ Kg6 $8 42. Bd5 $18 {[%csl Rg6][%cal Gd5f7]}) 41. Bd5
Qh5 (41... Rxe7 $143 42. Qxe7+ Kg6 {[%tqu "En","Find immediate win here!","",
"","d5f7","",10]} 43. Bf7+ $3 Kg7 (43... Rxf7 44. Qg5#) 44. Be8+ {[%csl Ge7,
Rf6,Rg7][%cal Yg7f6]}) 42. Bxf7 Rxf7 43. Qxa7 $1 Kf8 44. Rxf7+ Qxf7 45. Qxf7+
Kxf7 46. Kg2 $18 {[%csl Ga3,Yb6,Gc3,Gc4,Rf5,Yg2][%cal Yg3h4,Yg2g3]}) 37. Rd6
Kg6 ({After:} 37... Qxh2+ $2 38. Kf1 Rf7 {we can receive the same position as
in the previous variation: 36...Qxh2?}) 38. Qxa7 $16 {White have decided to
get rid from contender's pawns on the queen side.} ({Can it was necessary to
involve the bishop in attack:} 38. Bd5 $5 {[%csl Rg6]}) 38... Qf6 (38... Qxh2+
$2 39. Kf1 Rf6 40. Qe7 {[%csl Rg6][%cal Gd6e6,Ge7e8]} Kh5 (40... Qh4 $143 41.
Qe8+ {[%csl Rg6][%cal Gd6d7,Gd6e6]} Rf7 $8 42. Qg8+ $1 Kf6 (42... Rg7 43. Qxe6+
Kh5 44. Qxh6#) 43. Bd5 {[%csl Re6]} Qh3+ 44. Ke1 Re7 (44... Ke7 45. Qd8#) 45.
Rxe6+ Rxe6 46. Qxe6+ Kg7 47. Qf7+ Kh8 48. Qg8#) 41. Rxe6 {[%csl Rf6,Rg5,Rh5]
[%cal Ge7g5,Ge6f6]} Qh4 (41... Rfg6 42. Rxg6 Kxg6 $8 43. Bd5 {[%csl Rg6][%cal
Ge7f7]}) 42. Re5 $22 {[%csl Ge5,Ge7,Yf6,Gg2,Rh5,Yh6][%cal Yf6f5,Yh6h7,Yh4g5] A
nice example of zugzwang:} Kg6 (42... Qh2 43. Qg7 {[%cal Gg7g5]} Qh4 44. Bc6 $1
{[%cal Gc6e8]}) 43. Qe8+ Rf7 (43... Kg7 44. Re7+) 44. Qg8+ Kf6 (44... Rg7 45.
Re6+ Kh5 46. Qxg7 Rxe6 47. Qxh7+ Rh6 48. Qxf5+) 45. Rxf5+ Kxf5 46. Qxf7+ Qf6 (
46... Rf6 47. Be4+ $1 Kxe4 48. Qd5#) 47. Be4+ $1 Kxe4 48. Qd5#) 39. Qxb6 {
[%csl Re6]} Qxc3 $6 ({More stubborn resistance after:} 39... Re8 $5) 40. Rxe6+
Rf6 $8 41. Rxf6+ Qxf6 42. c5 $18 Qxb6 $8 (42... Kh5 $143 43. Qxf6 Rxf6 44. Bb7
{[%cal Gc5c6]} Rf7 45. c6 $18 {[%csl Ga3][%cal Ga3a4,Ga4a5,Ga5a6,Ga6a7,Ga7a8]})
(42... Kg7 $143 43. Qb7+ {[%csl Gc5][%cal Gc5c6]} Kf8 44. Bd5 $1 $18 {[%csl
Rf8][%cal Yg1g2,Gc5c6]}) 43. cxb6 Kf7 44. b7 Rb6 45. h3 $1 {[%cal Yh2g3,Yg1h2]
It's necessary to open a road to the king.} gxh3 46. Bxh3 $1 (46. Bf3 $2 {
[%csl Rh3][%cal Gg1h2,Gh2h3]} Ke7 (46... Rb2 $2 {[%csl Rf2]} 47. a4 {[%cal
Ga4a5,Ga5a6,Ga6a7]} Ke7 48. a5 Kd7 49. a6 Kc7 50. a7) 47. Kh2 (47. a4 $2 Kd8
48. a5 $140 Rg6+ $8 49. Kh2 Kc7 {[%csl Yc7]} 50. Kxh3 Ra6 $14 {[%csl Ra5]})
47... Kd6 48. Kxh3 Kc7 49. Kh4 Rb2 50. Kg5 Rxf2 51. Bd5 Rd2 $1 52. Be6 Re2 {
[%csl Re3] with good chances to drawn game.}) 46... Rxb7 47. Bxf5 {[%csl Rh7]
White has an absolutely winning position, but for realisation of material
advantage is required certain time.} h5 48. a4 Kf6 49. Bd3 Rb3 50. Bb5 Rb2 51.
Kg2 h4 {[%csl Rf2][%cal Gh4h3]} 52. Bd7 {[%csl Yd7][%cal Yd7h3]} Rd2 53. Bg4
Ra2 54. a5 Ke7 (54... Rxa5 55. Kh3 Ra2 56. f3 Ra3 57. e4 {[%csl Ge4,Gf3,Gf4]})
55. e4 Kd6 56. a6 Kc7 57. a7 Ra3 {[%cal Ya3h3]} (57... Kb7 58. f5 {[%csl Ge4,
Gf5,Yg4][%cal Gf5f6,Gf6f7,Ge4e5,Ge5e6]}) 58. f3 {[%csl Rh4][%cal Gg2h3]} Ra1
59. Bh5 {[%csl Ge4,Gf3,Gf4,Rh4,Yh5][%cal Gg2h3,Gh3g4,Yh5e8]} Rxa7 (59... Kb7
60. f5 Kxa7 61. f6 Kb6 62. e5 $18 {[%csl Yh5][%cal Ge5e6,Ge6e7]}) 60. Kh3 Kd6
61. Kxh4 {The further resistance is senseless.} Rg7 62. Bg4 Rg8 63. Kh5 Rf8 64.
Kg5 Rg8+ 65. Kh6 Rf8 66. f5 {[%csl Ge4,Gf3,Gf5,Yg4][%cal Gh6g7]} (66. f5 {
After this move Black resigns, because of next variatinion:} Ke5 67. Kg7 {
[%cal Gf5f6]} Rf6 $140 68. f4+) 1-0

[Event "Montreal 6th"]
[Site "Montreal"]
[Date "2005.08.11"]
[Round "8"]
[White "Krush, Irina"]
[Black "Bluvshtein, Mark"]
[Result "1-0"]
[WhiteElo "2452"]
[BlackElo "2525"]
[Annotator "Golod,V"]
[PlyCount "97"]
[EventDate "2005.08.03"]
[EventType "tourn"]
[EventRounds "11"]
[EventCountry "CAN"]
[EventCategory "12"]
[SourceTitle "CBM 109"]
[Source "ChessBase"]
[SourceDate "2005.11.14"]
[SourceVersion "1"]
[SourceVersionDate "2005.11.14"]
[SourceQuality "1"]

1. d4 Nf6 2. c4 e6 3. Nc3 Bb4 4. Qc2 c5 5. dxc5 O-O 6. a3 Bxc5 7. Nf3 b6 8. Bf4
Bb7 9. Rd1 Nc6 10. b4 Nh5 {After this inaccurate move Black will have to fight
for equality. Comments to this part of the game and also to:} (10... Be7 $5 {
can you find in my annotations to the games: Lautier,J-Macieja,B/Mallorca,2004/
CBM 104(1/2-1/2)(31) and Bareev,E-Korotylev,A/Moscow,2004/CBM 104(1-0)(58)})
11. Bc1 $5 $146 {It seems that this is the best square for the bishop retreat.}
({The games which have reached this position were continued as follows:} 11.
Bg5 Be7 12. Bxe7 Nxe7 13. e3 Bxf3 14. gxf3 a5 15. Be2 axb4 16. axb4 Nc6 (16...
Nf6 $5) 17. Qb2 Qg5 18. f4 Qg2 $13 {Nielsen,P-Macieja,B/Drammen,2004(1-0)(41)})
(11. Ng5 g6 12. Bc1 Be7 13. Nf3 Rc8 14. e3 a5 15. b5 Nb8 16. Bb2 d6 17. Ne4 Nf6
(17... f5 $5) 18. Neg5 Nbd7 19. h4 $40 {Dreev,A-Hellsten,J/Gothenburg,2005(1-0)
(82)}) 11... Be7 12. e4 $14 {White got the centere (Pc4,Pe4), and his piece
placement is rather harmonic: The Ra1 is already working on the d -file, and
the Bc1 guards the Pa3.} a5 {A bit risky continuation, but after:} (12... d6
13. Be2 $14 {White has a standard opening advantage.}) 13. b5 {White had no
other alternative.} Nb8 ({After:} 13... Na7 $6 {It is unclear how Black is
going to get his knight into the game.}) 14. Be2 Qc7 15. e5 {Irina Krush
didn't play this on her previous move, as she didn't want to double her pawns
on the f-file. Now White has created the threat - g4 (פh5).} g6 $6 {Black has
prepared a runaway square for his knight on g7, but he has severely weakened
his kingside, because already on the next moves, he has to play f6. But it was
better to play it right away:} (15... f6 $5 16. Bd3 ({Now this is senseless:} 
16. g4 $2 {in view of:} fxe5 {פf3}) (16. exf6 $6 Nxf6 $11) 16... Bxf3 17.
Bxh7+ Kh8 18. gxf3 fxe5 (18... Qxe5+ $2 19. Be4 Ra7 (19... f5 $4 20. f4 Nxf4
21. Bxf4 Qxf4 22. Bxa8 $18) (19... d5 $2 20. Nxd5 $18 {[%csl Gd1,Re5,Rh5]}) 20.
Nd5 $1 {[%csl Gd1,Re5,Rh5][%cal Gc1b2] with a decisive advantage.}) 19. Be4 Ra7
20. Ne2 Rc8 $140 21. Bb2 $14) 16. Ne4 {[%csl Rd6][%cal Ge4d6]} f6 {Black can't
allow White to put his knight on Black's weakest spot the square d6.} 17. exf6
(17. Bb2 $5 {/^a1-h8; ><f6}) 17... Nxf6 18. Nxf6+ ({Also good enough:} 18. Bd3
$5 Nh5 19. O-O Nf4 20. Rfe1 $14) 18... Bxf6 19. Be3 {White takes the diagonal
a7-g1 and the Pb6 under control.} d5 20. h4 $5 $40 {[%csl Rg8][%cal Gh4h5]} Qe7
{I do not think that the following moves were much better:} (20... Nd7 21. h5
gxh5 22. Rxh5 Rf7 23. Ng5 $16) (20... Rf7 $5 21. h5 gxh5 22. Ng5 Bxg5 23. Bxg5
$40) (20... d4 21. Bxd4 Bxd4 22. Nxd4 Bxg2 23. Nxe6 Qe7 (23... Qe5 $143 24.
Nxf8 Bxh1 25. Nxg6 $18) 24. Nxf8 Be4 (24... Bxh1 $143 25. Nxg6 $18) 25. Qd2
Bxh1 26. Nd7 Nxd7 27. Qxd7 $16) 21. h5 {On this move, and the next one, I
could recommend moving the c-pawn:} (21. c5 $5 bxc5 $140 22. h5 $1 (22. Bxc5
$143 Qc7 23. b6 Qc6 24. Rc1 Rc8 25. Qb1 e5 26. Be3 $14) 22... g5 (22... d4 $6
23. Bh6 $16) 23. Bxc5 Qc7 24. b6 Qc6 25. Bd3 $16) 21... g5 22. Rh3 $6 (22. c5
$142 g4 ({After:} 22... bxc5 23. Bxc5 {with rearrangement of moves we receive
a position from the previous variation.}) 23. Nd2 bxc5 24. Bxc5 Qc7 25. Bxg4
$16) (22. Bxb6 Nd7 23. Be3 Rac8 $44) 22... Kh8 {This is a good decision by
Black to move his king to the corner.} (22... Qxa3 $6 23. Nxg5 Qe7 24. Bd3 $40)
23. Rg3 Rg8 (23... h6 $2 24. Qg6 {קb6,h6} Bc3+ (24... Bg7 $2 25. Ne5 $1 {
[%csl Ge2,Gg6,Rh8][%cal Ge2d3]} Nd7 (25... Bxe5 $2 26. Qxh6+ Kg8 27. Bxg5 $18)
26. Bd3 Rf5 (26... Nf6 27. Bxg5 hxg5 28. Qxg5 Qc7 29. h6 $18) 27. Bxf5 exf5 28.
Nf7+ Kg8 29. Nxh6+ Kh8 30. Nxf5 $18) 25. Kf1 Rf6 26. Qc2 {ץc3 +-}) 24. Nd4 {
Now the white knight goes to the centre, where he controls c6 and e6.} (24.
Bxb6 $5 g4 25. Nh2 Nd7 26. Be3 $14) 24... Nd7 $6 {It was important to make an
important intermezzo first:} (24... Be5 $1 25. Rg4 $140 Nd7 {with the idea to
free the square f6 for the knight:} 26. Nc6 Bxc6 27. bxc6 Nf6 28. Rxg5 Rxg5 29.
Bxg5 Qc5 $1 (29... Qxa3 $2 30. Bxf6+ Bxf6 31. cxd5 exd5 32. Rxd5 $16) 30. Qd3
Rf8 {+/=/=}) 25. Nc6 $1 $16 Qd6 (25... Bxc6 $143 26. bxc6 Ne5 (26... d4 $2 27.
cxd7 dxe3 28. Rxe3 Rgd8 (28... Rad8 $143 29. Bg4 {[%csl Re6,Rg8][%cal Gg4e6]})
29. Qe4 Ra7 30. Qxe6 Rdxd7 31. h6 $1 $18) 27. cxd5 exd5 28. Kf1 $16) 26. cxd5
exd5 27. Qf5 {קd5} Raf8 (27... Bxc6 $5 28. bxc6 Qxc6 29. Qxd5 Qxd5 30. Rxd5
$16 {[%csl Rd7,Rg5]}) 28. Qxd5 Qxd5 (28... Bc3+ 29. Bd2 $1 Bxd2+ (29... Qxd5 $4
30. Bxc3+) 30. Rxd2 Qxd5 (30... Qc5 $2 {[%csl Rf2]} 31. Qxd7 $1 Qxf2+ 32. Kd1
Qxg3 $140 33. Qd4+ Rg7 34. h6 Qb3+ 35. Rc2 $18) 31. Rxd5 Nf6 32. Rdxg5 Rxg5 33.
Rxg5 Ne4 34. Re5 Nxf2 35. Re7 Bc8 36. Ne5 $18) 29. Rxd5 Nb8 30. Bxg5 $6 {
There was no reason to give the pawn on the queenside away:} (30. Rd6 $142 {
[%csl Rb6]} Nxc6 31. bxc6 Bc3+ (31... Be5 32. cxb7 Bxd6 33. Bd4+ Rg7 34. h6 $18
) 32. Kf1 Ba8 (32... Be5 $2 33. Rd5 $1 Bxg3 34. Bd4+ Rg7 35. h6 Kg8 36. hxg7
$18) 33. Rxg5 $18) 30... Nxc6 31. bxc6 {All of the exchanges could have been
achieved with a different move order:} (31. Bxf6+ Rxf6 32. Rxg8+ Kxg8 33. g4 $5
(33. bxc6 Bxc6 {transfers to - 31.bxc6.}) 33... Re6 (33... Ne7 $143 34. Rd7 {
ץb7,Ne7}) (33... Na7 $143 34. Rd7 Bf3 (34... Rf7 $2 35. Bc4) 35. Bxf3 Rxf3 36.
Rxa7 Rxa3 37. Ra6 $18) 34. bxc6 Bxc6 (34... Ba6 $5 35. Rd2 Bxe2 36. Rxe2 Rxc6
$16) 35. Rd8+ Kg7 36. Kd2 Rf6 $16) 31... Bxc6 32. Bxf6+ Rxf6 33. Rxg8+ Kxg8 34.
Rg5+ (34. Rd8+ $142 Kf7 35. g4 $16) 34... Kf8 35. g3 {White's pawn movement on
the kingside is too slow.} Bd7 ({Hardly it was better:} 35... Bf3 36. Bd3 h6
37. Re5 {/\Kd2-e3}) 36. Rd5 Ke7 37. f4 h6 38. Kd2 {White's plan is: Ke3, g4-g5}
Bc6 39. Re5+ Re6 40. Rxe6+ Kxe6 41. g4 Be8 $2 {It was obvious that Black
couldn't allow g5. It's possible that this mistake was stillmade in
time-trouble.} (41... Kf6 42. Kc3 Bd5 (42... b5 $2 43. Kd4 b4 44. axb4 axb4 45.
Kc5 Bd7 46. Kxb4 $18 {[%cal Yc5d4,Ye3f2,Yb4c5,Yd4e3,Yf2g3,Yg3h4,Gg4g5]}) 43.
Kd4 Bb7 {Now White must be accurate to win the game:} 44. Bd1 Bg2 45. Kc4 Bc6 (
45... Bf1+ 46. Kd5 b5 47. Kc5) 46. Be2 $22 Bd7 47. Kd5 Be8 48. Kd6 b5 49. Kc5
Bd7 (49... b4 $143 50. axb4 axb4 51. Kxb4 {[%cal Yb4c5,Yc5d4,Yd4e3,Ye3f2,Yf2g3,
Yg3h4]} Bxh5 52. gxh5 Kf5 53. Kc5 Kxf4 54. Kd6 Kf5 55. Ke7 $18) 50. g5+ $1 hxg5
51. fxg5+ Kxg5 52. Bxb5 Bg4 53. Be8 Bd1 (53... Bxh5 54. Bxh5 Kxh5 55. a4 Kg6
56. Kb5 Kf7 57. Kxa5 Ke7 58. Kb6 Kd8 59. Kb7) 54. Kb5 a4 55. Kb4 {with an easy
won BB endgame.}) 42. g5 $18 Kf7 ({After:} 42... Kf5 43. Bg4+ $1 {Black can't
leave the white h-pawn:} Kxg4 (43... Kxf4 44. gxh6 {[%cal Gh6h7,Gh7h8]}) 44.
gxh6 Bxh5 45. h7 Kxf4 46. h8=Q $18) 43. Ke3 {White threatens to go with his
king to e5, and then to play g6 and then start moving the f-pawn, so Black
must create counterplay on the queenside.} b5 44. Kd4 b4 45. axb4 axb4 46. Kc4
hxg5 47. fxg5 Ke6 {Otherwise, White grabs the Pb4, gets his K to the kingside,
and begins to move his g- and h-pawns.} 48. h6 Bg6 49. Bd3 (49. Bd3 {White
goes into a pawn ending, and it's the end of the game:} Kf7 50. Bxg6+ Kxg6 51.
Kxb4 Kh7 52. Kc5 Kg6 53. Kd6 Kh7 54. Ke7 Kg6 55. Ke6 Kh7 56. Kf6 {with mate in
7 moves.}) 1-0